| 000 | 01309nam a22004450a 4500 | ||
|---|---|---|---|
| 001 | PT46950 | ||
| 003 | AR-LpoUNG | ||
| 005 | 20210131231149.0 | ||
| 008 | 191001s2012||||ag |||||||||||||||||spa d | ||
| 020 |
_a9789505462193 _c$20 |
||
| 040 |
_aAR-LpoUNG _bspa _cAR-LpoUNG _eaacr |
||
| 041 | _aspa | ||
| 044 | _aag | ||
| 082 | 0 | _a334.01 413man | |
| 100 | 1 | _aFeser, María Eleonora | |
| 245 | 1 | 0 |
_aManual para la práctica del cooperativismo de trabajo : _bherramientas impositivas y de gestión para el trabajador cooperativo |
| 250 | _a1ra. ed. | ||
| 260 |
_aBuenos Aires : _bPatria Grande, _c2012. |
||
| 300 |
_a229 p. : _btbls., gráfs., fot. |
||
| 650 | 4 | _aASPECTOS JURIDICOS | |
| 650 | 4 | _aASPECTOS SOCIALES | |
| 650 | 4 | _aAUDITORIA FISCAL | |
| 650 | 4 | _aCOOPERATIVAS | |
| 650 | 4 | _aECONOMIA | |
| 650 | 4 | _aEDUCACION COOPERATIVA | |
| 650 | 4 | _aIMPUESTOS | |
| 650 | 4 | _aMOVIMIENTOS COOPERATIVOS | |
| 650 | 4 | _aPARTICIPACION SOCIAL | |
| 650 | 4 | _aREGLAMENTOS | |
| 650 | 4 | _aSOCIEDAD CIVIL | |
| 650 | 4 | _aTRABAJADORES | |
| 651 | 4 | _aDOCUMENTOS TEORICOS O METODOLOGICOS | |
| 653 | _aCOOPERATIVAS DE TRABAJO | ||
| 653 | _aECONOMIA SOCIAL | ||
| 653 | _aECONOMIA SOLIDARIA | ||
| 700 | 1 | _aBausset, Magalí | |
| 700 | 1 | _aMutuberría Lazarini, Valeria | |
| 905 | _a46950 | ||
| 942 | _cLSALA | ||
| 999 |
_c8387 _d8387 |
||